| 000 | 01952nam a2200289 a 4500 | ||
|---|---|---|---|
| 001 | BRCA_2397 | ||
| 005 | 20190320203805.0 | ||
| 008 | 111108s1662----be-a---###---#000-0#spa-u | ||
| 041 | _aspa | ||
| 044 | _abe | ||
| 084 |
_a038 _b.M66 _c1662 |
||
| 100 | 1 |
_aCervantes Saavedra, Miguel de _d1547-1616 _9213 |
|
| 245 | 1 | 0 |
_aVida y hechos del Ingenioso Cavallero Don Quixote de la Mancha _ccompuesto por Miguel de Cervantes Saavedra. |
| 260 |
_aBruselas _bJuan Mommarte _c1662 |
||
| 300 |
_a2 v. _bil. _c18 cm. |
||
| 500 | _aContenido : v 1. Prólogo del autor. Versos preliminares. Aprovación y suma del Privilegio Real. Texto. -- v 2. Prólogo del autor. Aprovaciones. Licencia de la edición príncipe y privilegio para esta edición | ||
| 500 | _aPrimera edición en que se cambió el primitivo título de la edición príncipe por el de: Vida y Hechos del Ingenioso Cavallero..., generalizado en ediciones posteriores, y primera, impresa en legua española, que contiene estampas, copias de la holandesa de 1657, dibujadas por Savry, y reproducidas y grabadas por Bouttats. Es, además, una de las dos primeras ediciones con ilustración completa, ya que las anteriores tenían ilustrados únicamente los frontispicios y las portadas. Suprime las dedicatorias del autor. Aquí D. Quijote y Sancho corren sus aventuras en un ambiente típicamente holandés, y ellos mismos reflejan rasgos de los holandeses. Ejemplar maltratado, encuadernado en becerro, filetes dorados en los planos Lúdovik Osterc | ||
| 500 | _aEstado físico : Los dos volúmenes presentan la cubierta desprendida | ||
| 500 | _aQM21 | ||
| 650 | 1 | 4 |
_aNovela española _yÉpoca clásica, 1500-1700 _9215 |
| 650 | 1 | 4 |
_aLiteratura española _yÉpoca clásica, 1500-1700 _9216 |
| 650 | 1 | 4 |
_aNovela española _ySiglo XVII _9217 |
| 650 | 1 | 4 |
_aDon Quijote (Personaje ficticio) _eNovela _9218 |
| 740 | 0 | _aEl Ingenioso Hidalgo Don Quijote de la Mancha | |
| 902 | _aQFM | ||
| 942 |
_2lcc _cB |
||
| 999 |
_c2138 _d2138 |
||